Ausencia /

Salvato in:
Dettagli Bibliografici
Autore principale: Khadra, Yasmina (Autore)
Altri autori: Merino, Elizabeth (Illustratore), Merlín, Alejandro, 1988- (Traduttore)
Natura: Elettronico eBook
Lingua:spagnolo
francese
Pubblicazione: Ciudad de México : Fondo de Cultura Económica, 2023.
Edizione:Primera edición en libro electrónico.
Serie:Vientos del pueblo (Fondo de Cultura Económica (Mexico))
Soggetti:
Accesso online:Digitalia Hispánica
Tags: Aggiungi Tag
Nessun Tag, puoi essere il primo ad aggiungerne!!

MARC

LEADER 00000nam a2200000Ii 4500
001 DIGFCE2428
003 NyNyDIG
006 m o d
007 cr |||||||||||
008 240701s2023 mx a o 000 f spa d
035 |a (OCoLC)1444057944 
040 |a DGITA  |b eng  |e rda  |e pn  |c DGITA 
020 |a 9786071678584  |q (electrónico-ePub) 
020 |a 9786071679017  |q (electrónico-mobi) 
020 |z 9786071677990  |q (rústica) 
041 1 |a spa  |h fre 
050 1 4 |a PQ3989.2.K386 ebook 
100 1 |a Khadra, Yasmina,  |e author. 
240 1 0 |a Absence.  |l Spanish  |s (Merlín) 
245 1 0 |a Ausencia /  |c Yasmina Khadra ; ilustraciones, Elizabeth Merino ; traducción, Alejandro Merlín. 
250 |a Primera edición en libro electrónico. 
264 1 |a Ciudad de México :  |b Fondo de Cultura Económica,  |c 2023. 
300 |a 1 online resource :  |b illustrations. 
336 |a text  |b txt  |2 rdacontent 
337 |a computer  |b c  |2 rdamedia 
338 |a online resource  |b cr  |2 rdacarrier 
347 |a text file  |2 rdaft 
347 |b EPUB 
490 1 |a Vientos del pueblo 
588 0 |a Online resource; title from ePub title page (Digitalia, viewed July 1, 2024) 
655 7 |a Fiction.  |2 lcgft 
700 1 |a Merino, Elizabeth,  |e illustrator. 
700 1 |a Merlín, Alejandro,  |d 1988-  |e translator. 
700 1 |i Translation of:  |a Khadra, Yasmina.  |t Absence. 
776 0 8 |i Print version:  |a Khadra, Yasmina.  |s Absence. Spanish (Merlín).  |t Ausencia.  |b Primera edición.  |d Ciudad de México : Fondo de Cultura Económica, 2023  |z 9786071677990 
791 2 |a Digitalia (Firm),  |e distributor. 
793 0 |g Digitalia eBook Collection:  |a Fondo de Cultura Económica 
830 0 |a Vientos del pueblo (Fondo de Cultura Económica (Mexico)) 
856 4 0 |3 Digitalia Hispánica  |u https://digitalia.unach.elogim.com/a/135143/ 
910 |a Premium collection: 2024